000 00306nam a22001337a 4500
008 170619b xxu||||| |||| 00| 0 eng d
020 _a9780395849705
041 _aeng
080 _a32
100 _a20
101 _aSHP
245 _aGLOBAL POLITICS IN A CHANGING WORLD
_cMANSBACH,R.W
942 _2udc
_cBK
999 _c18075
_d18075